Normal view
MARC view
- HASSAM IJAZ, ADNAN QAYYUM BUTT, MUHAMMAD FAHEEM YOUSAF
Entry Personal Name
001 - CONTROL NUMBER
- control field: 71534
003 - CONTROL NUMBER IDENTIFIER
- control field: NUST
005 - DATE AND TIME OF LATEST TRANSACTION
- control field: 20210628204639.0
008 - FIXED-LENGTH DATA ELEMENTS
- fixed length control field: 210628|| aca||aabn | a|a d
040 ## - CATALOGING SOURCE
- Original cataloging agency: NUST
- Transcribing agency: NUST
100 ## - HEADING--PERSONAL NAME
- Personal name: HASSAM IJAZ, ADNAN QAYYUM BUTT, MUHAMMAD FAHEEM YOUSAF
670 ## - SOURCE DATA FOUND
- Source citation: Work cat.: (NUST): HASSAM IJAZ, ADNAN QAYYUM BUTT, MUHAMMAD FAHEEM YOUSAF, PR-SOF-1463-DESIGN AND FABRICATION OF FLUE GAS DESULFURIZATION UNIT, 2015
